<?xml version="1.0" encoding="UTF-8"?>
<collection xmlns="http://www.loc.gov/MARC21/slim">
 <record>
  <leader>01264nam a22002177a 4500</leader>
  <controlfield tag="001">NCT_4_026364</controlfield>
  <controlfield tag="008">251006b        xxu||||| |||| 00| 0 vie d</controlfield>
  <datafield tag="999" ind1=" " ind2=" ">
   <subfield code="c">9303</subfield>
   <subfield code="d">9303</subfield>
  </datafield>
  <datafield tag="020" ind1=" " ind2=" ">
   <subfield code="a">9781787381377</subfield>
   <subfield code="c">$35</subfield>
  </datafield>
  <datafield tag="082" ind1="0" ind2="4">
   <subfield code="2">23rd ed.</subfield>
   <subfield code="a">614.5</subfield>
   <subfield code="b">S252</subfield>
  </datafield>
  <datafield tag="100" ind1="1" ind2=" ">
   <subfield code="a">Sasakawa, Yohei</subfield>
  </datafield>
  <datafield tag="245" ind1="1" ind2="0">
   <subfield code="a">No matter where the journey takes me :</subfield>
   <subfield code="b">One man's quest for a leprosy-free world</subfield>
   <subfield code="c">Yohei Sasakawa ; Rei Muroji (Translator)</subfield>
  </datafield>
  <datafield tag="260" ind1=" " ind2=" ">
   <subfield code="a">London</subfield>
   <subfield code="b">C Hurst &amp; Co Publishers Ltd</subfield>
   <subfield code="c">2019</subfield>
  </datafield>
  <datafield tag="300" ind1=" " ind2=" ">
   <subfield code="a">ix, 228 p.</subfield>
   <subfield code="b">ill.</subfield>
   <subfield code="c">24 cm</subfield>
  </datafield>
  <datafield tag="504" ind1=" " ind2=" ">
   <subfield code="a">Includes index</subfield>
  </datafield>
  <datafield tag="520" ind1="3" ind2=" ">
   <subfield code="a">This memoir follows Dr. John F. E. Scheuermann's lifelong mission to eradicate leprosy. He shares his experiences working in countries where the disease is prevalent, focusing on both medical challenges and the social stigma faced by patients. Through personal stories and professional insights, Dr. Scheuermann highlights the importance of compassion, global health advocacy, and medical breakthroughs in the fight against leprosy.</subfield>
  </datafield>
  <datafield tag="653" ind1=" " ind2=" ">
   <subfield code="a">Tham khảo</subfield>
  </datafield>
  <datafield tag="700" ind1="1" ind2=" ">
   <subfield code="a">Muroji, Rei </subfield>
   <subfield code="e">Translator</subfield>
  </datafield>
  <datafield tag="942" ind1=" " ind2=" ">
   <subfield code="2">ddc</subfield>
   <subfield code="c">BK</subfield>
  </datafield>
  <datafield tag="952" ind1=" " ind2=" ">
   <subfield code="0">0</subfield>
   <subfield code="1">0</subfield>
   <subfield code="2">ddc</subfield>
   <subfield code="4">0</subfield>
   <subfield code="6">614_500000000000000_S252</subfield>
   <subfield code="7">0</subfield>
   <subfield code="9">31437</subfield>
   <subfield code="a">000001</subfield>
   <subfield code="b">000001</subfield>
   <subfield code="d">2025-10-06</subfield>
   <subfield code="o">614.5 S252</subfield>
   <subfield code="p">TK.05737</subfield>
   <subfield code="r">2025-10-06</subfield>
   <subfield code="w">2025-10-06</subfield>
   <subfield code="y">BK</subfield>
  </datafield>
  <datafield tag="980" ind1=" " ind2=" ">
   <subfield code="a">Thư viện Trường Đại học Nam Cần Thơ</subfield>
  </datafield>
 </record>
</collection>
